000
00335nam a2200145Ia 4500
008
150301s2014 xx 000 0 und d
082
_a
617.51
_b
D14D
100
_a
DHINGRA, PL
245
_a
DISEASES OF EAR NOSE & THROAT
250
_a
6TH
260
_b
ELSEVIER
_a
INDIA
_c
2014
300
_a
476
650
_a
ENT
942
_2
ddc
_c
BK
_0
55
999
_c
6675
_d
6675